Bí quyết thành công trong chăn nuôi gà

Enregistré dans:
Détails bibliographiques
Auteur principal: Nguyễn Hữu Vũ
Format: Livre
Langue:Undetermined
Publié: Hà Nội Nông Nghiệp 1999
Sujets:
Tags: Ajouter un tag
Pas de tags, Soyez le premier à ajouter un tag!
Thư viện lưu trữ: Trung tâm Học liệu Trường Đại học Cần Thơ
LEADER 00524nam a2200169Ia 4500
001 CTU_36179
008 210402s9999 xx 000 0 und d
082 |a 636.5 
082 |b V500 
100 |a Nguyễn Hữu Vũ 
245 0 |a Bí quyết thành công trong chăn nuôi gà 
245 0 |c Nguyễn Hữu Vũ, Nguyễn Đức Lưu 
260 |a Hà Nội 
260 |b Nông Nghiệp 
260 |c 1999 
650 |a poultry - breeding 
980 |a Trung tâm Học liệu Trường Đại học Cần Thơ